MLB Top MVP, Cy Young, and ROY 2001 - Statistics

General Stats
  • This quiz has been taken 37 times
  • The average score is 28 of 39
Answer Stats
# Answer Team Pos. % Correct
1 Barry Bonds SFG LF
100%
1 Ichiro Suzuki SEA RF
97%
1 Ichiro Suzuki SEA RF
97%
2 Jason Giambi OAK 1B
97%
1 Randy Johnson ARI P
97%
2 Sammy Sosa CHC RF
97%
6 Alex Rodriguez TEX SS
93%
8 Chipper Jones ATL 3B
93%
10 Derek Jeter NYY SS
90%
5 Juan González CLE RF
90%
3 Luis Gonzalez ARI LF
90%
10 Curt Schilling ARI P
87%
2 Curt Schilling ARI P
87%
7 Jim Thome CLE 1B
87%
8 Roger Clemens NYY P
87%
1 Roger Clemens NYY P
87%
9 Todd Helton COL 1B
87%
4 Albert Pujols STL 3B
83%
1 Albert Pujols STL 3B
83%
7 Jeff Bagwell HOU 1B
83%
3 Jimmy Rollins PHI SS
73%
4 Roberto Alomar CLE 2B
70%
5 Lance Berkman HOU LF
67%
9 Manny Ramirez BOS DH
67%
5 Roy Oswalt HOU P
67%
2 Roy Oswalt HOU P
67%
2 Mark Mulder OAK P
63%
3 Alfonso Soriano NYY 2B
53%
3 Bret Boone SEA 2B
53%
4 Jamie Moyer SEA P
47%
6 Shawn Green LAD RF
47%
2 CC Sabathia CLE P
43%
4 David Eckstein ANA SS
43%
3 Freddy García SEA P
40%
5 Mike Mussina NYY P
40%
4 Adam Dunn CIN RF
33%
4 Bud Smith STL P
27%
4 Jon Lieber CHC P
23%
3 Matt Morris STL P
23%
No matching quizzes found
Score Distribution
Percent of People with Each Score
Percentile by Number Answered
Your Score History
You have not taken this quiz